Luật sư Nguyễn Hữu Thọ Cả nước tôn vinh anh

Bewaard in:
Bibliografische gegevens
Formaat: Boek
Taal:Undetermined
Gepubliceerd in: Hà Nội Văn học 1995
Onderwerpen:
Tags: Voeg label toe
Geen labels, Wees de eerste die dit record labelt!
Thư viện lưu trữ: Trung tâm Học liệu Trường Đại học Cần Thơ
LEADER 00458nam a2200157Ia 4500
001 CTU_10436
008 210402s9999 xx 000 0 und d
082 |a 959.7092 
082 |b Th400 
245 0 |a Luật sư Nguyễn Hữu Thọ 
245 0 |b Cả nước tôn vinh anh 
260 |a Hà Nội 
260 |b Văn học 
260 |c 1995 
650 |a vietnam - historry - biography 
980 |a Trung tâm Học liệu Trường Đại học Cần Thơ